000 00626nam a2200181Ia 4500
008 090123s9999 xx 000 0 und d
082 _b36942
100 _aआठवले जयंत
245 _aसाधकांच्या अनुभूती
250 _a1
260 _bसनातन भारतीय संस्कृती संस्था
300 _a141
600 _aआठवले जयंत
630 _aसाधकांच्या अनुभूती
700 _aआठवले जयंत
730 _aसाधकांच्या अनुभूती
942 _cBOOK
999 _c75009
_d75009